1269 1240 1450 1863 1004 1791 1993 1910 1398 1293 1384 1458 1234 1494 1598 1575 1909 1760 1595 1084 1561 1530 1672 1244 1112 1001 1232 1531 1172 1461 1421 1636 1851 1688 1018 1044 1646 1133 1013 1388 1916 1623 1850 1614 1178 1791 1110 1929 1823 1407 1387 1421 1026 1351 1933 1165 1128 1996 1942 2000 1684 1719 1217 1755 1262 1882 1614 1683 1857 1680 1774 1638 1634 1880 1242 1695 1670 1719 1060 1927 1636 1974 1110 1890 1691 1757 1416 1366 1027 1626 1125 1194 1734 1681 1387 1117 1415 1273 1747 BCNSPRNW ULIB Ver.6.0+V

เปลี่ยนเป็นภาษาไทย

Change to English
 แสดงรายละเอียดบรรณานุกรม
  กลับหน้าหลัก

Brief Record : Get Marc (ISO 2709) : E-mail record : QR code < ปิดหน้าต่าง
LEADER : 00000nam 2200000uu 4500
001    13399121588
003     ULIB
008    121126s2551||||th 000 0 tha d
020    ^a9748316386
060 04 ^aWT100^bบ184ก
100 0  ^aบรรลุ ศิริพานิช
245 10 ^aการออกกำลังกายเพื่อสุขภาพสำหรับผู้สูงอายุ /^cบรรลุ ศิริพานิช
250    ^aพิมพ์ครั้งที่ 8
260    ^aกรุงเทพฯ :^bหมอชาวบ้าน,^c2551
300    ^a184 หน้า :^bภาพประกอบ ;^c21 ซม.
650  7 ^aผู้สูงอายุ
650  7 ^aผู้สูงอายุ^xสุขภาพอนามัย
650  7 ^aผู้สูงอายุ^xการดูแล
650  7 ^aการออกกำลังกาย
945    ^p95^l0^i15110
945    ^p95^l0^i15855
945    ^p95^l0^i15856
995    ^aวิภา
999    ^aใช้งานได้ทุกระบบ
รายการนี้ยังไม่มีแท็ก
คุณยังไม่ได้ล็อกอิน คุณสามารถมีกิจกรรมร่วมกับเว็บไซต์ได้ แต่ต้องล็อกอินก่อน ::
  ล็อกอิน

รายการสื่อสารสนเทศ

ลำดับที่ ประเภท เลขเรียก/บาร์โค้ด สถานที่ สถานะ
1. วิทยาศาสตร์การแพทย์ และสุขภาพ
วิทยาศาสตร์การแพทย์ และสุขภาพ
WT100 บ184ก  
  Barcode: 15110
ห้องสมุดวิทยาเขตสวรรค์ประชารักษ์
►ส่วนจัดเก็บหนังสือเก่า สปร
บนชั้น
  ขอยืม
2. วิทยาศาสตร์การแพทย์ และสุขภาพ
วิทยาศาสตร์การแพทย์ และสุขภาพ
WT100 บ184ก ฉ.2 
  Barcode: 15855
ห้องสมุดวิทยาเขตสวรรค์ประชารักษ์
►ส่วนจัดเก็บหนังสือเก่า สปร
บนชั้น
  ขอยืม
3. วิทยาศาสตร์การแพทย์ และสุขภาพ
วิทยาศาสตร์การแพทย์ และสุขภาพ
WT100 บ184ก ฉ.3 
  Barcode: 15856
ห้องสมุดวิทยาเขตสวรรค์ประชารักษ์
►ส่วนจัดเก็บหนังสือเก่า สปร
บนชั้น
  ขอยืม

รายการใกล้เคียง
    ผู้แต่ง [บรรลุ ศิริพานิช]

    หัวเรื่อง [ผู้สูงอายุ]
    หัวเรื่อง [ผู้สูงอายุ การดูแล]
    หัวเรื่อง [การออกกำลังกาย]

BibComment


ยังไม่เคยถูกคอมเมนท์

คอมเมนท์ทรัพยากรรายการนี้
  คอมเมนท์: การออกกำลังกายเพ..


 Copyright 2026. Bcnsprnw @Library